[Event "Championnat de France des Jeunes - Pous"]
[Site "LA ROCHE SUR YON"]
[Date "2008.04.24"]
[Round "3.3"]
[White "Benkirane, Nabil"]
[Black "Bellahcene, Bilel"]
[Result "0-1"]
[WhiteElo "1580"]
[BlackElo "1685"]
[Annotator "Salaun,Michel"]
[PlyCount "86"]
[EventDate "2008.04.25"]
[EventType "swiss"]
[EventRounds "5"]
[EventCountry "FRA"]

1. d4 Nf6 2. c4 e6 3. g3 d5 4. Bg2 Be7 5. Nf3 O-O 6. O-O dxc4 7. Nc3 c6 8. Ne5
Nbd7 9. Nxc4 Nb6 10. Nd2 Qxd4 11. Nb3 Qxd1 12. Rxd1 e5 13. e4 Be6 14. Be3 Nc4
15. Bc1 Rfd8 16. Bf1 Rxd1 17. Nxd1 Nxe4 18. Bxc4 Bxc4 19. Nd2 Nxd2 20. Bxd2 Rd8
21. Ne3 Be6 22. Bc3 f6 23. Kg2 Kf7 24. Kf3 b5 25. a3 c5 26. Ke2 Ke8 27. Rc1 Rc8
28. Ba5 Bd8 29. Bc3 a5 30. Rd1 b4 31. axb4 cxb4 32. Be1 Be7 33. Ra1 Ra8 34. Nc2
Bc4+ 35. Kd2 Rd8+ 36. Kc1 Bb3 37. Ne3 Bc5 38. Bd2 Bxe3 39. fxe3 Rc8+ 40. Kb1 a4
41. Bxb4 Kd7 42. Bc3 Ke6 43. Kc1 Rd8 0-1

[Event "Championnat de France des Jeunes - Pous"]
[Site "LA ROCHE SUR YON"]
[Date "2008.04.24"]
[Round "3.4"]
[White "Marie, Florian"]
[Black "Dias, Theodore"]
[Result "1/2-1/2"]
[WhiteElo "1660"]
[BlackElo "1580"]
[Annotator "Salaun,Michel"]
[PlyCount "81"]
[EventDate "2008.04.25"]
[EventType "swiss"]
[EventRounds "5"]
[EventCountry "FRA"]

1. d4 Nf6 2. c4 c5 3. d5 b5 4. cxb5 a6 5. Nc3 d6 6. e4 g6 7. Bf4 Bg7 8. Bd3 O-O
9. Nf3 Nbd7 10. O-O Ng4 11. Be2 Nge5 12. Nxe5 Nxe5 13. Be3 Qc7 14. f4 Nd7 15.
bxa6 Bxa6 16. Bxa6 Rxa6 17. Qe2 Rfa8 18. Rfc1 Qa7 19. Rc2 Bd4 20. Bxd4 cxd4 21.
Nb5 d3+ 22. Nxa7 dxe2 23. Nb5 Rxa2 24. Re1 Rb8 25. Nc3 Rbxb2 26. Rxb2 Rxb2 27.
Rxe2 Rxe2 28. Nxe2 Nc5 29. Nc3 Kg7 30. Kf2 Kh6 31. h3 Kh5 32. g3 g5 33. f5 Kh6
34. Ke3 Kg7 35. Kd4 Kf6 36. g4 e5+ 37. fxe6 fxe6 38. dxe6 Kxe6 39. Nb5 Nb3+ 40.
Kc3 Nc5 41. Kd4 1/2-1/2

[Event "Championnat de France des Jeunes - Pous"]
[Site "LA ROCHE SUR YON"]
[Date "2008.04.24"]
[Round "3.2"]
[White "Fetiveau, Arthur"]
[Black "Boudia, Samy"]
[Result "0-1"]
[WhiteElo "1590"]
[BlackElo "1690"]
[Annotator "Salaun,Michel"]
[PlyCount "80"]
[EventDate "2008.04.25"]
[EventType "swiss"]
[EventRounds "5"]
[EventCountry "FRA"]

1. e4 d6 2. Nf3 g6 3. c3 Nf6 4. d3 Bg7 5. Be2 O-O 6. O-O e5 7. Bg5 Nc6 8. Nbd2
Ne7 9. h3 Ne8 10. Qc2 f5 11. Qb3+ Kh8 12. Rfe1 f4 13. Rad1 Nf6 14. Bxf6 Bxf6
15. d4 Qe8 16. Qc2 g5 17. Nb3 b6 18. Nh2 h5 19. Rd2 Qg6 20. Bd1 g4 21. hxg4
hxg4 22. Be2 Bh4 23. Bd1 g3 24. fxg3 Bxg3 25. Ree2 Ba6 26. c4 Rf7 27. Nf3 Rh7
28. Re1 Bxe1 29. Nxe1 Qh6 30. Kf2 Qh4+ 31. Kf1 d5 32. exd5 Nxd5 33. Qe4 Ne3+
34. Ke2 Bxc4+ 35. Rd3 Bxd3+ 36. Nxd3 Qg4+ 37. Kd2 Qxd1+ 38. Kc3 Qc2+ 39. Kb4
Qc4+ 40. Ka3 Nc2# 0-1

[Event "Championnat de France des Jeunes - Pous"]
[Site "LA ROCHE SUR YON"]
[Date "2008.04.24"]
[Round "3.1"]
[White "Devoille, Hugo"]
[Black "Bianchi, Tobias"]
[Result "0-1"]
[WhiteElo "1741"]
[BlackElo "1600"]
[Annotator "Salaun,Michel"]
[PlyCount "64"]
[EventDate "2008.04.25"]
[EventType "swiss"]
[EventRounds "5"]
[EventCountry "FRA"]

1. e4 e6 2. d4 d5 3. Nd2 Nf6 4. e5 Nfd7 5. Bd3 c5 6. c3 Nc6 7. Ne2 cxd4 8. cxd4
f6 9. exf6 Nxf6 10. O-O Bd6 11. Nf3 O-O 12. Bf4 Bxf4 13. Nxf4 Ne4 14. Ne2 Rxf3
15. gxf3 Ng5 16. Ng3 Qf6 17. Kg2 Nxd4 18. Be2 e5 19. h4 Bh3+ 20. Kh2 Bxf1 21.
hxg5 Bxe2 22. gxf6 Bxd1 23. Rxd1 gxf6 24. Kg2 Rc8 25. Nf1 Rc2 26. Ne3 Rc5 27.
Kg3 Kf7 28. Rd2 Ke6 29. f4 Nf5+ 30. Kg4 Nxe3+ 31. fxe3 Rc4 32. Rh2 Rc7 0-1

[Event "Championnat de France des Jeunes - Pous"]
[Site "LA ROCHE SUR YON"]
[Date "2008.04.24"]
[Round "3.7"]
[White "Veys, Vincent"]
[Black "Rambaldi, Francesco"]
[Result "0-1"]
[WhiteElo "1550"]
[BlackElo "1640"]
[Annotator "Salaun,Michel"]
[PlyCount "104"]
[EventDate "2008.04.25"]
[EventType "swiss"]
[EventRounds "5"]
[EventCountry "FRA"]

1. e4 c5 2. Nf3 e6 3. d3 Nc6 4. Nc3 d6 5. Be2 Be7 6. O-O Nf6 7. Bf4 e5 8. Bg5
Nd7 9. Bxe7 Nxe7 10. Qd2 Ng6 11. Rfe1 Nf4 12. Bf1 Nf6 13. h3 O-O 14. Nd1 b5 15.
Ne3 Be6 16. c3 Rc8 17. d4 cxd4 18. cxd4 Nxe4 19. Qb4 Ng5 20. Nxg5 Qxg5 21. Kh2
exd4 22. Qxd4 Nd5 23. Nxd5 Bxd5 24. Qxa7 Qf4+ 25. Kh1 Rc2 26. b3 Qf5 27. Rad1
Rxf2 28. Rxd5 Rxf1+ 29. Rxf1 Qxd5 30. Qf2 f6 31. Qa7 Ra8 32. Qd7 h6 33. Re1
Rxa2 34. Qe8+ Kh7 35. Rg1 Qxb3 36. Qe4+ Kh8 37. Qe8+ Qg8 38. Qxb5 Qa8 39. Qd3
Ra3 40. Qf5 Qe8 41. Qf4 Qe5 42. Qb4 Re3 43. Qb8+ Kh7 44. Qb1+ Qe4 45. Qxe4+
Rxe4 46. Rd1 Re6 47. Kg1 Kg6 48. Kf2 Kf5 49. Kf3 Ke5 50. g4 d5 51. h4 Rd6 52.
h5 f5 0-1

[Event "Championnat de France des Jeunes - Pous"]
[Site "LA ROCHE SUR YON"]
[Date "2008.04.24"]
[Round "3.8"]
[White "Leinenweber, Eliott"]
[Black "Triboulin, Amaury"]
[Result "1-0"]
[WhiteElo "1500"]
[BlackElo "1630"]
[Annotator "Salaun,Michel"]
[PlyCount "102"]
[EventDate "2008.04.25"]
[EventType "swiss"]
[EventRounds "5"]
[EventCountry "FRA"]

1. e4 e5 2. Nf3 Nc6 3. Bc4 Bc5 4. c3 Nf6 5. d4 exd4 6. cxd4 Bb4+ 7. Bd2 Bxd2+
8. Nbxd2 O-O 9. e5 Ng4 10. h3 Nh6 11. d5 Ne7 12. O-O Nef5 13. Ne4 d6 14. e6
fxe6 15. dxe6 Kh8 16. Neg5 Qf6 17. Rb1 b6 18. Bd5 Rb8 19. Re1 Nh4 20. e7 Re8
21. Qe2 Bd7 22. Rbc1 Nxf3+ 23. Nxf3 c5 24. g4 Qf4 25. Qe3 Qf6 26. Rc4 Qg6 27.
Kf1 Bb5 28. b3 Bxc4+ 29. bxc4 a6 30. Bc6 Rbc8 31. Bxe8 Rxe8 32. Qf4 Nf7 33. h4
b5 34. Ng5 Kg8 35. Re6 Qd3+ 36. Kg2 Nxg5 37. hxg5 bxc4 38. Rxd6 Qe2 39. Rd8
Qxe7 40. Rxe8+ Qxe8 41. Qxc4+ Kh8 42. Qxc5 Qe4+ 43. Kg3 Qd3+ 44. Qe3 Qd6+ 45.
Qf4 Qd3+ 46. Kh4 Qd8 47. Kh3 Qd3+ 48. Kg2 Qd5+ 49. Qf3 Qd8 50. Kg3 Qd6+ 51. Qf4
Qa3+ 1-0

[Event "Championnat de France des Jeunes - Pous"]
[Site "LA ROCHE SUR YON"]
[Date "2008.04.24"]
[Round "3.6"]
[White "Froment, Theophile"]
[Black "Colin, Enzo"]
[Result "1-0"]
[WhiteElo "1645"]
[BlackElo "1560"]
[Annotator "Salaun,Michel"]
[PlyCount "81"]
[EventDate "2008.04.25"]
[EventType "swiss"]
[EventRounds "5"]
[EventCountry "FRA"]

1. e4 d6 2. d4 Nf6 3. Nc3 g6 4. Be3 Bg7 5. Qd2 Ng4 6. Bg5 O-O 7. h3 Nf6 8. Nf3
Nbd7 9. Bd3 e5 10. dxe5 dxe5 11. O-O c6 12. Ne2 Qb6 13. b3 Nc5 14. Ng3 Ncd7 15.
Bh6 a5 16. Nh4 Qb4 17. Qg5 a4 18. Bxg7 Kxg7 19. a3 Qd4 20. Nhf5+ Kh8 21. Nxd4
exd4 22. b4 Ng8 23. Ne2 f6 24. Qg3 Ne7 25. Nxd4 c5 26. Ne6 Rg8 27. Bc4 Ne5 28.
Nc7 Nxc4 29. Nxa8 f5 30. Qc3+ Rg7 31. Qxc4 fxe4 32. Qxc5 Nf5 33. Qxc8+ Rg8 34.
Qc3+ Ng7 35. Nb6 Rf8 36. Rfd1 Kg8 37. Rd7 Nh5 38. Nd5 Rf7 39. Rxf7 Kxf7 40. g4
Ng7 41. Qf6+ 1-0

[Event "Championnat de France des Jeunes - Pous"]
[Site "LA ROCHE SUR YON"]
[Date "2008.04.24"]
[Round "4.1"]
[White "Boudia, Samy"]
[Black "Rambaldi, Francesco"]
[Result "1-0"]
[WhiteElo "1690"]
[BlackElo "1640"]
[Annotator "Salaun,Michel"]
[PlyCount "45"]
[EventDate "2008.04.25"]
[EventType "swiss"]
[EventRounds "5"]
[EventCountry "FRA"]

1. d4 d5 2. c4 c6 3. cxd5 cxd5 4. Nc3 Nc6 5. Nf3 e6 6. a3 Bd6 7. e3 a6 8. Bd3
Bd7 9. O-O Nf6 10. Nd2 O-O 11. f4 Qc7 12. Nf3 b5 13. Ne5 Bxe5 14. fxe5 Ne8 15.
Qh5 g6 16. Qh6 Ng7 17. Rf3 Ne7 18. Rh3 Rfb8 19. Qxh7+ Kf8 20. Qh8+ Ng8 21. Rf3
g5 22. Bg6 Be8 23. Bh7 1-0

[Event "Championnat de France des Jeunes - Pous"]
[Site "LA ROCHE SUR YON"]
[Date "2008.04.24"]
[Round "4.7"]
[White "Bedini, Lucas"]
[Black "Marie, Florian"]
[Result "0-1"]
[WhiteElo "1570"]
[BlackElo "1660"]
[Annotator "Salaun,Michel"]
[PlyCount "118"]
[EventDate "2008.04.25"]
[EventType "swiss"]
[EventRounds "5"]
[EventCountry "FRA"]

1. e4 e6 2. d4 d5 3. Nc3 dxe4 4. Nxe4 Be7 5. Nf3 Nd7 6. Bd3 Ngf6 7. O-O Nxe4 8.
Bxe4 Nf6 9. Bd3 O-O 10. Be3 b6 11. c4 Bb7 12. Rc1 c5 13. dxc5 Bxc5 14. Qe2 Bxe3
15. fxe3 Qc7 16. Nd4 Qe5 17. Nf3 Qh5 18. Qe1 Ng4 19. Qh4 Qxh4 20. Nxh4 Nxe3 21.
Rfe1 Ng4 22. Rc3 Rfd8 23. b4 a5 24. a3 axb4 25. axb4 Ra2 26. Be2 Nf6 (26...
Rxe2) 27. c5 Nd5 28. Rb3 Nf4 29. Bf3 Bxf3 30. gxf3 Ne2+ 31. Kf1 Nf4 32. Rbe3
Rdd2 33. R3e2 Nxe2 34. Kf2 Nc3+ 35. Kg3 Ne2+ 36. Kg4 Rd4+ 37. Kh3 Nf4+ 38. Kg3
Nh5+ 39. Kh3 Rdd2 (39... Rxh4+) 40. Rh1 Nf4+ 41. Kg3 Ng6 42. Nxg6 hxg6 43. h4
bxc5 44. bxc5 Rg2+ 45. Kf4 f6 (45... Rae2) 46. Rd1 e5+ 47. Ke4 Ra4+ 48. Kd5
Rd4+ 49. Rxd4 exd4 50. Kxd4 Rc2 51. Kd5 Kh7 52. Kd6 Kh6 53. c6 Kh5 54. c7 Kxh4
55. Kd7 Kg3 56. c8=Q Rxc8 57. Kxc8 Kxf3 58. Kd7 g5 59. Ke6 g4 0-1

[Event "Championnat de France des Jeunes - Pous"]
[Site "LA ROCHE SUR YON"]
[Date "2008.04.24"]
[Round "3.9"]
[White "Stark, Gabriel"]
[Black "Duval, Thomas"]
[Result "1-0"]
[WhiteElo "1620"]
[BlackElo "1470"]
[Annotator "Salaun,Michel"]
[PlyCount "111"]
[EventDate "2008.04.25"]
[EventType "swiss"]
[EventRounds "5"]
[EventCountry "FRA"]

1. d4 d5 2. c4 e6 3. Nc3 Nf6 4. Bg5 Nbd7 5. Nf3 Be7 6. e3 O-O 7. Bd3 c6 8. O-O
h6 9. Bh4 Qc7 10. a3 Re8 11. Rc1 Bd6 12. cxd5 exd5 13. Nb5 Qb8 14. Nxd6 Qxd6
15. Bg3 Qe7 16. Bb1 Qe6 17. Qd3 Qe4 18. Qc3 Qe6 19. Rfe1 Ne4 20. Qc2 Ndf6 21.
Be5 Bd7 22. Nd2 Qf5 23. Nxe4 Nxe4 24. f3 Qg5 25. fxe4 g6 26. Bf4 Qh5 27. exd5
cxd5 28. Qf2 Re6 29. Rc7 Bc6 30. Bxh6 Be8 31. Bf4 Rf6 32. Qg3 Kh8 33. Be5 Kg7
34. Qf4 Kf8 35. Qxf6 Qh6 36. Qh8+ (36. Bxg6) 36... Qxh8 37. Bxh8 b6 38. Be5 Bb5
39. b3 f5 40. a4 Be8 41. Rec1 Rd8 42. Rc8 Rd7 43. R1c7 Rxc7 44. Rxc7 a6 45. Ra7
a5 46. Rb7 b5 47. axb5 a4 48. bxa4 g5 49. a5 f4 50. exf4 gxf4 51. Bxf4 Bf7 52.
a6 Kg7 53. a7 Kf6 54. a8=Q Be6 55. Qf8+ Bf7 56. Qxf7# 1-0

[Event "Championnat de France des Jeunes - Pous"]
[Site "LA ROCHE SUR YON"]
[Date "2008.04.24"]
[Round "4.8"]
[White "Briaud, Vadim"]
[Black "Venou, Randjit"]
[Result "0-1"]
[WhiteElo "1610"]
[BlackElo "1580"]
[Annotator "Salaun,Michel"]
[PlyCount "98"]
[EventDate "2008.04.25"]
[EventType "swiss"]
[EventRounds "5"]
[EventCountry "FRA"]

1. e4 e6 2. d4 d5 3. Nc3 Bb4 4. Bd3 c5 5. a3 Qa5 6. Bd2 Bxc3 7. Bxc3 Qb6 8.
dxc5 Qxc5 9. Bxg7 f6 10. Bxh8 Qf8 11. Qh5+ Kd8 12. Nf3 h6 13. exd5 Ne7 14. dxe6
Bxe6 15. Bxf6 Qxf6 16. O-O Nd7 17. b4 Kc7 18. Rad1 Rg8 19. Kh1 Bg4 20. Qa5+ Kb8
21. Be2 b6 22. Qb5 Bxf3 23. Bxf3 Ne5 24. Qe2 Nf5 25. Rfe1 Nxf3 26. Qxf3 Qg6 27.
Rd7 Nd6 28. Rd1 Re8 29. R7xd6 Qxd6 30. Qg3 Qxg3 31. hxg3 Re2 32. Rd6 Rxc2 33.
Rxh6 Rxf2 34. Rc6 Re2 35. Kg1 Re3 36. Kf2 Rxa3 37. Rc4 Ra4 38. Rg4 a5 39. Rg8+
Ka7 40. bxa5 bxa5 41. Re8 Ra2+ 42. Kg1 a4 43. g4 a3 44. Re4 Ra1+ 45. Kh2 a2 46.
Ra4+ Kb7 47. Kg3 Kc7 48. Kf3 Rf1+ 49. Ke2 a1=Q 0-1

[Event "Championnat de France des Jeunes - Pous"]
[Site "LA ROCHE SUR YON"]
[Date "2008.04.24"]
[Round "3.10"]
[White "Msellek, Ilyass"]
[Black "Garcia-Alibert, Raphael"]
[Result "1-0"]
[WhiteElo "1829"]
[BlackElo "1460"]
[Annotator "Salaun,Michel"]
[PlyCount "69"]
[EventDate "2008.04.25"]
[EventType "swiss"]
[EventRounds "5"]
[EventCountry "FRA"]

1. e4 e5 2. Nf3 Nc6 3. Bb5 a6 4. Ba4 Nf6 5. O-O d6 6. Re1 Be7 7. h3 O-O 8. c3
Bd7 9. d4 exd4 10. cxd4 Re8 11. Nc3 b5 12. Bc2 Nb4 13. Bb1 c5 14. Ne2 c4 15.
Nf4 Bc6 16. d5 Bd7 17. a3 Nd3 18. Nxd3 cxd3 19. Qxd3 g6 20. Bh6 Bf8 21. Bxf8
Kxf8 22. Qe3 Kg7 23. Qf4 Bc8 24. g4 Ra7 25. Ba2 Rae7 26. Nd2 h5 27. g5 Nh7 28.
Qg3 Re5 29. f4 R5e7 30. e5 Bf5 31. h4 Qc7 32. Rac1 Qd8 33. Qc3 Qd7 34. e6+ Kf8
35. Qh8# 1-0

[Event "Championnat de France des Jeunes - Pous"]
[Site "LA ROCHE SUR YON"]
[Date "2008.04.24"]
[Round "4.2"]
[White "Bellahcene, Bilel"]
[Black "Stark, Gabriel"]
[Result "1-0"]
[WhiteElo "1685"]
[BlackElo "1620"]
[Annotator "Salaun,Michel"]
[PlyCount "55"]
[EventDate "2008.04.25"]
[EventType "swiss"]
[EventRounds "5"]
[EventCountry "FRA"]

1. e4 e6 2. d4 d5 3. Nc3 Bb4 4. e5 c5 5. a3 Bxc3+ 6. bxc3 Qb6 7. Qg4 g6 8. Nf3
Nc6 9. h4 Nh6 10. Bxh6 Qb2 11. Rc1 Qxc3+ 12. Bd2 Qxa3 13. h5 Qb2 14. hxg6 fxg6
15. Rxh7 Rxh7 16. Qxg6+ Rf7 17. Ng5 Nd8 18. Qg8+ Rf8 19. Qg6+ Nf7 20. Nxe6 Bxe6
21. Qxe6+ Kd8 22. Qxd5+ Kc8 23. Qxc5+ Kd7 24. Bc4 Nxe5 25. dxe5 Qb6 26. e6+ Ke8
27. Bb5+ Kd8 28. Bg5+ (28. e7#) 1-0

[Event "Championnat de France des Jeunes - Pous"]
[Site "LA ROCHE SUR YON"]
[Date "2008.04.24"]
[Round "4.5"]
[White "Dias, Theodore"]
[Black "Msellek, Ilyass"]
[Result "1/2-1/2"]
[WhiteElo "1580"]
[BlackElo "1829"]
[Annotator "Salaun,Michel"]
[PlyCount "56"]
[EventDate "2008.04.25"]
[EventType "swiss"]
[EventRounds "5"]
[EventCountry "FRA"]

1. e4 c5 2. Nf3 Nc6 3. d4 cxd4 4. Nxd4 e5 5. Nf3 Nf6 6. Nc3 Bb4 7. Bd3 Bxc3+ 8.
bxc3 O-O 9. O-O d5 10. exd5 Nxd5 11. Bb2 Re8 12. Re1 Nf6 13. Nxe5 Bd7 14. c4
Qc7 15. Nxd7 Nxd7 16. Qh5 Nf8 17. Qg5 Ng6 18. h4 h6 19. Qg4 Qf4 20. Rxe8+ Rxe8
21. Qd7 Re7 22. Qc8+ Kh7 23. h5 Nce5 24. hxg6+ fxg6 25. Qd8 Nf3+ 26. gxf3 Qg5+
27. Kh2 Qh4+ 28. Kg2 Qg5+ 1/2-1/2

[Event "Championnat de France des Jeunes - Pous"]
[Site "LA ROCHE SUR YON"]
[Date "2008.04.24"]
[Round "4.3"]
[White "Grezels, Florian"]
[Black "Leinenweber, Eliott"]
[Result "1-0"]
[WhiteElo "1650"]
[BlackElo "1500"]
[Annotator "Salaun,Michel"]
[PlyCount "55"]
[EventDate "2008.04.25"]
[EventType "swiss"]
[EventRounds "5"]
[EventCountry "FRA"]

1. e4 e5 2. Nf3 Nc6 3. Bc4 Nf6 4. Ng5 d5 5. exd5 Na5 6. Bb5+ c6 7. dxc6 bxc6 8.
Be2 h6 9. Nf3 e4 10. Ne5 Qd4 11. f4 Bc5 12. Rf1 Nd7 13. c3 Qd5 14. Nxd7 Bxd7
15. b4 Bxb4 16. cxb4 Qd4 17. Nc3 Qxb4 18. Rb1 Qe7 19. Qa4 Qd8 20. Qxe4+ Be6 21.
f5 Qe7 22. fxe6 fxe6 23. Bg4 Kd7 24. Ba3 Qe8 25. Qd4+ Kc7 26. Qd6+ Kc8 27.
Bxe6+ Qxe6+ 28. Qxe6+ 1-0

[Event "Championnat de France des Jeunes - Pous"]
[Site "LA ROCHE SUR YON"]
[Date "2008.04.24"]
[Round "4.6"]
[White "Delpierre, Elie"]
[Black "Bouvet, Florian"]
[Result "1-0"]
[WhiteElo "1750"]
[BlackElo "1590"]
[Annotator "Salaun,Michel"]
[PlyCount "39"]
[EventDate "2008.04.25"]
[EventType "swiss"]
[EventRounds "5"]
[EventCountry "FRA"]

1. d4 d5 2. c4 Nf6 3. Nc3 e6 4. Bg5 Bb4 5. e3 c6 6. Nf3 Bxc3+ 7. bxc3 Qa5 8.
Qb3 dxc4 9. Bxc4 Nd5 10. Bxd5 cxd5 11. O-O f6 12. Bf4 Nc6 13. Rfe1 Ne7 14. e4
b6 15. Bd6 Bb7 16. Bb4 Qb5 17. e5 Rc8 18. exf6 gxf6 19. Rxe6 Rc7 20. Rae1 1-0

[Event "Championnat de France des Jeunes - Pous"]
[Site "LA ROCHE SUR YON"]
[Date "2008.04.24"]
[Round "4.9"]
[White "Steyer-Striby, Alexis"]
[Black "Devoille, Hugo"]
[Result "0-1"]
[WhiteElo "1490"]
[BlackElo "1741"]
[Annotator "Salaun,Michel"]
[PlyCount "99"]
[EventDate "2008.04.25"]
[EventType "swiss"]
[EventRounds "5"]
[EventCountry "FRA"]

1. Nf3 d5 2. g3 g6 3. Bg2 Bg7 4. O-O Nf6 5. d4 O-O 6. Bg5 h6 7. Bxf6 Bxf6 8.
Nbd2 Nc6 9. Nb3 Re8 10. c3 Bg7 11. a4 Nb8 12. Nbd2 Nd7 13. b4 e5 14. dxe5 Nxe5
15. Nxe5 Bxe5 16. Rc1 c6 17. Nf3 Bg7 18. e3 Be6 19. Nd4 Qd7 20. Qb3 Bh3 21. c4
Bxd4 22. exd4 dxc4 23. Qxc4 Rad8 24. Rfe1 Rxe1+ 25. Rxe1 Bxg2 26. Kxg2 Qxd4 27.
Re8+ Kg7 28. Qxd4+ Rxd4 29. Ra8 Rxb4 30. Rxa7 c5 31. Ra8 Kf6 32. Rc8 c4 33. a5
Ke5 34. Kf1 Kd4 35. Ke2 Rb2+ 36. Ke1 Kd3 37. Rd8+ Kc2 38. Rd2+ Kc3 39. Rd1 Rc2
40. h4 Rb2 41. Rc1+ Kb3 42. Kf1 c3 43. Ke1 c2 44. Kd2 Rb1 45. Rxc2 Rb2 46.
Rxb2+ Kxb2 47. f4 Kb3 48. g4 Kb4 49. h5 gxh5 50. gxh5 {Suite illisible.} 0-1

[Event "Championnat de France des Jeunes - Pous"]
[Site "LA ROCHE SUR YON"]
[Date "2008.04.24"]
[Round "4.10"]
[White "Allard, Julien"]
[Black "Rey, Gaetan"]
[Result "0-1"]
[WhiteElo "1480"]
[BlackElo "1690"]
[Annotator "Salaun,Michel"]
[PlyCount "91"]
[EventDate "2008.04.25"]
[EventType "swiss"]
[EventRounds "5"]
[EventCountry "FRA"]

1. e4 c5 2. Nf3 Nc6 3. Bb5 g6 4. Bxc6 bxc6 5. O-O Bg7 6. c3 d5 7. exd5 cxd5 8.
d4 cxd4 9. cxd4 Nf6 10. h3 O-O 11. Be3 Rb8 12. Qd2 Ne4 13. Qc1 Ba6 14. Re1 Qb6
15. b3 Rfc8 16. Qd1 Rc7 17. Bf4 Nd6 18. Qd2 Rbc8 19. Bh6 Rc2 20. Qf4 Nf5 21.
Bxg7 Kxg7 22. Ng5 Qxd4 23. Qxd4+ Nxd4 24. Rxe7 Rc1+ 25. Kh2 Rf8 26. Rxa7 Bd3
27. a4 Bxb1 28. b4 Nc2 29. Rxb1 Rxb1 30. Ne6+ Kg8 31. Nxf8 Kxf8 32. b5 d4 33.
a5 Rxb5 34. a6 Nb4 35. Ra8+ Kg7 36. a7 Ra5 37. Rd8 Rxa7 38. Rxd4 Nc6 39. Rg4 h5
40. Rg3 Ra2 41. f4 Ra4 42. Rf3 Nd4 43. Rf1 Kf6 44. g3 Ra2+ 45. Kh1 Ne2 46. g4
0-1

[Event "Championnat de France des Jeunes - Pous"]
[Site "LA ROCHE SUR YON"]
[Date "2008.04.25"]
[Round "5.1"]
[White "Grezels, Florian"]
[Black "Boudia, Samy"]
[Result "0-1"]
[WhiteElo "1650"]
[BlackElo "1690"]
[Annotator "Salaun,Michel"]
[PlyCount "50"]
[EventDate "2008.04.25"]
[EventType "swiss"]
[EventRounds "5"]
[EventCountry "FRA"]

1. e4 d6 2. d4 Nf6 3. Bd3 g6 4. Ne2 Bg7 5. Be3 O-O 6. Nbc3 Nbd7 7. Qd2 Rb8 8.
O-O a6 9. Kh1 b5 10. a3 b4 11. axb4 Rxb4 12. Rfb1 c5 13. dxc5 dxc5 14. Bxa6
Nxe4 15. Nxe4 Rxe4 16. Bxc8 Qxc8 17. Ra7 Nb6 18. Qa5 Nc4 19. Qb5 Nxe3 20. fxe3
Rxe3 21. Ng3 Rd8 22. Rb7 h6 23. b4 c4 24. Qb6 Bd4 25. Qb5 Qe6 0-1

[Event "Championnat de France des Jeunes - Pous"]
[Site "LA ROCHE SUR YON"]
[Date "2008.04.25"]
[Round "5.4"]
[White "Venou, Randjit"]
[Black "Devoille, Hugo"]
[Result "0-1"]
[WhiteElo "1580"]
[BlackElo "1741"]
[Annotator "Salaun,Michel"]
[PlyCount "144"]
[EventDate "2008.04.25"]
[EventType "swiss"]
[EventRounds "5"]
[EventCountry "FRA"]

1. e4 c5 2. c3 Nf6 3. e5 Nd5 4. d4 cxd4 5. cxd4 e6 6. Nf3 d6 7. Bb5+ Bd7 8.
Bxd7+ Nxd7 9. O-O N7b6 10. Re1 Rc8 11. Nc3 Nxc3 12. bxc3 Rxc3 13. Bb2 Rc7 14.
d5 Nxd5 15. exd6 Bxd6 16. g3 O-O 17. Rc1 h6 18. Rxc7 Qxc7 19. Qc1 Qxc1 20. Rxc1
Rd8 21. Kf1 Nb4 22. a4 Nd3 23. Rc2 Nxb2 24. Rxb2 b6 25. Rc2 Kf8 26. Ke2 Bc5 27.
a5 Rc8 28. Ne5 Ke7 29. Nd3 Kd6 30. f4 Rc7 31. Ne5 Ke7 32. Kd3 f6 33. Ng6+ Kd6
34. axb6 Bxb6 35. Rxc7 Bxc7 36. Nh4 Ke7 37. Kc4 Bb6 38. Kb5 Bg1 39. Nf3 Be3 40.
Kc4 Kd6 41. Kd3 Bc5 42. Kc4 Bb6 43. Nd2 e5 44. fxe5+ Kxe5 45. Kd3 Kd5 46. Ke2
a5 47. Kd1 Bg1 48. h3 Bf2 49. g4 Bc5 50. Kc2 Bb4 51. Nb3 Ke4 52. Kd1 Kf3 53.
Kc2 Kg3 54. Kd1 Kxh3 55. Ke2 Kxg4 56. Kf1 h5 57. Kg1 a4 58. Nc1 a3 59. Kg2 h4
60. Kh2 Bd6+ 61. Kg2 h3+ 62. Kh1 f5 63. Kg1 f4 64. Kh2 f3+ 65. Kg1 h2+ 66. Kh1
f2 67. Kg2 h1=Q+ 68. Kxf2 Qxc1 69. Ke2 Qc3 70. Kd1 Qb2 71. Ke1 a2 72. Kf1 a1=R#
0-1

[Event "Championnat de France des Jeunes - Pous"]
[Site "LA ROCHE SUR YON"]
[Date "2008.04.25"]
[Round "5.7"]
[White "Rambaldi, Francesco"]
[Black "Duval, Thomas"]
[Result "1-0"]
[WhiteElo "1640"]
[BlackElo "1470"]
[Annotator "Salaun,Michel"]
[PlyCount "119"]
[EventDate "2008.04.25"]
[EventType "swiss"]
[EventRounds "5"]
[EventCountry "FRA"]

1. c4 c5 2. Nf3 Nc6 3. Nc3 d6 4. e3 Nf6 5. d3 g6 6. Be2 Bg7 7. O-O b6 8. Rb1
Bb7 9. a3 Nd7 10. Bd2 O-O 11. b4 Qc7 12. Nd5 Qd8 13. Bc3 Bxc3 14. Nxc3 e6 15.
d4 Qe7 16. d5 Nde5 17. dxe6 fxe6 18. Nxe5 Nxe5 19. f4 Nc6 20. Ne4 Rad8 21. Ng5
Rfe8 22. Bg4 Bc8 23. Qc2 e5 24. Bxc8 Rxc8 25. Ne4 exf4 26. Rxf4 Rf8 27. Rxf8+
Rxf8 28. Qd3 Rd8 29. Qd5+ Kh8 30. Qxc6 d5 31. Qf6+ Qxf6 32. Nxf6 dxc4 33. bxc5
b5 34. a4 Kg7 35. Ne4 bxa4 36. Rc1 Re8 37. Rxc4 a3 38. Ra4 Kh6 39. c6 Re6 40.
c7 Rc6 41. Rxa7 a2 42. Rxa2 Rxc7 43. Kf2 Rf7+ 44. Kg3 Kg7 45. Rf2 Re7 46. Rf4
h6 47. h4 g5 48. hxg5 hxg5 49. Nxg5 Rxe3+ 50. Nf3 Re6 51. Rf7+ Kxf7 52. Ng5+
Kf6 53. Nxe6 Kxe6 54. Kg4 Kf6 55. Kh5 Kg7 56. Kg5 Kf7 57. Kh6 Kg8 58. g4 Kh8
59. g5 Kg8 60. Kg6 1-0

[Event "Championnat de France des Jeunes - Pous"]
[Site "LA ROCHE SUR YON"]
[Date "2008.04.25"]
[Round "5.8"]
[White "Ek, Alexandre"]
[Black "Pigeat, Alexandre"]
[Result "0-1"]
[WhiteElo "1630"]
[BlackElo "1420"]
[Annotator "Salaun,Michel"]
[PlyCount "110"]
[EventDate "2008.04.25"]
[EventType "swiss"]
[EventRounds "5"]
[EventCountry "FRA"]

1. e4 e6 2. d4 d5 3. e5 c5 4. c3 Nc6 5. Nf3 Qb6 6. Be2 cxd4 7. cxd4 Nge7 8. Nc3
Nf5 9. Na4 Bb4+ 10. Kf1 Qc7 11. g3 Bd7 12. Kg2 a5 13. a3 Be7 14. Re1 O-O 15. g4
Nh4+ 16. Nxh4 Bxh4 17. g5 Qd8 18. Qd2 b6 19. Qf4 Ne7 20. Qxh4 Bxa4 21. Bd3 Ng6
22. Qg4 Qd7 23. h4 Rac8 24. h5 Ne7 25. g6 h6 26. gxf7+ Kxf7 27. Re3 Rg8 28.
Rf3+ Ke8 29. Bg6+ Kd8 30. Bf7 Bd1 31. Bxg8 Bxf3+ 32. Qxf3 Nxg8 33. Qf8+ Kc7 34.
Qf3 Ne7 35. Bf4 Nf5 36. Qc3+ Kb7 37. Qd2 Qf7 38. b4 axb4 39. axb4 Qxh5 40. Qd3
Qg4+ 41. Bg3 Qe4+ 42. Qxe4 dxe4 43. Re1 Rc4 44. Rxe4 Rxd4 45. Rxd4 Nxd4 46. f4
Nc2 47. b5 Nd4 48. Bh4 Nxb5 49. Be7 Nc7 50. Bf8 Ne8 51. Kf3 Kc6 52. Ke3 Kd5 53.
Kd3 h5 54. Be7 g6 55. Bg5 Ng7 0-1